Sous l'Arche de Titus (notice n° 2186695)

détails MARC
000 -LEADER
fixed length control field 01615cam a2200133 4500500
005 - DATE AND TIME OF LATEST TRANSACTION
control field 20260405064249.0
041 ## - LANGUAGE CODE
Language code of text/sound track or separate title fre
042 ## - AUTHENTICATION CODE
Authentication code dc
100 10 - MAIN ENTRY--PERSONAL NAME
Personal name Malka, Salomon
Relator term author
245 00 - TITLE STATEMENT
Title Sous l'Arche de Titus
260 ## - PUBLICATION, DISTRIBUTION, ETC.
Name of publisher, distributor, etc. Armand Colin,<br/>
Date of publication, distribution, etc. 2010.<br/>
520 ## - SUMMARY, ETC.
Summary, etc. Où est passé le chandelier du temple de Jérusalem ? Sous l’Arche de Titus, un bas-relief immortalise une scène vieille de près de 2000 ans, l’entrée des troupes romaines, en procession, après la révolte de Judée en l’an 70 après J.-C. On perçoit les coffrets hissés sur les épaules des captifs, les trompettes et le chandelier. Quiconque observe la frise, à Rome, ne peut manquer de se poser la question : Où se trouve le chandelier ? Qu’est-il devenu ? Salomon Malka a mené une enquête partout où on a signalé sa présence. Il a parcouru des lieux, de Rome à Jérusalem, et de Rennes-le-Château à Cosenza. Il a suivi les traces de Flavius Josèphe, Alaric, Benjamin de Tudèle, Nicolas Poussin, Stefan Zweig, Sigmund Freud… Il s’est mis à l’écoute de Paul Veyne au Collège de France, a interrogé des qumranologues sur les manuscrits de la mer Morte et le fameux « Rouleau de cuivre », a retrouvé un Poussin manquant, suivi des guides, des historiens, des journalistes. Au terme de ce périple sur les traces de la « Menorah », où de multiples pistes sont explorées, c’est une vision du judaïsme propre à l’auteur qui nous est proposée, aussi fascinante qu’inattendue.
856 41 - ELECTRONIC LOCATION AND ACCESS
Uniform Resource Identifier <a href="https://shs.cairn.info/sous-larche-de-titus--9782200249816?lang=fr&redirect-ssocas=7080">https://shs.cairn.info/sous-larche-de-titus--9782200249816?lang=fr&redirect-ssocas=7080</a>

Pas d'exemplaire disponible.

PLUDOC

PLUDOC est la plateforme unique et centralisée de gestion des bibliothèques physiques et numériques de Guinée administré par le CEDUST. Elle est la plus grande base de données de ressources documentaires pour les Étudiants, Enseignants chercheurs et Chercheurs de Guinée.

Adresse

627 919 101/664 919 101

25 boulevard du commerce
Kaloum, Conakry, Guinée

Réseaux sociaux

Powered by Netsen Group @ 2025